| 000 | 02093aam a2200289 a 4500 | ||
|---|---|---|---|
| 999 |
_c323390 _d323390 |
||
| 003 | BLK | ||
| 005 | 20230610162633.0 | ||
| 008 | 180731b bul||||| |||| 00| 0 bul d | ||
| 020 | _a978-619-191-404-3 | ||
| 040 | _aBLK | ||
| 041 |
_aBUL _cBUL |
||
| 080 |
_aБългарска литература _b821.163.2 _x-93-91 _z821.163.2-93-91 |
||
| 139 |
_aПриказките на Братя Грим _bП 87 |
||
| 245 |
_aПриказките на Братя Грим _bКнига за ученика _c [адапт. на текст Боряна Робертова] ; [състав. Лидия Мишева] |
||
| 257 | _aBGR | ||
| 260 |
_aСофия _c2017 _9219425 _bАрт Етърнал Дистрибушън |
||
| 300 |
_a191 с. _c21 см |
||
| 380 | _aDX | ||
| 500 | _aСведения за авт. отговорност отбелязани на гърба на предзагл. с. - Съдържа: Рапунцел ; Снежанка ; Вълкът и седемте козлета ; Хензел и Гретел ; Бременските градски музиканти ; Храбрият шивач ; Белоснежка и Червенорозка ; Жабокът-цар и Железният Хайнрих ; Цар Дроздобрад ; Баба Хола ; Златната гъска ; Сламка, въгленче и бобче ; Скъсаните пантофки ; Братче и сестриче ; Сложи-масичка ; Лисицата и котката ; Вълкът и лисицата ; Румпелщилцхен ; Старият Султан ; Сладката каша ; Кристалната топка ; Пепеляшка ; Спящата красавица ; Червената шапчица ; Котаракът в чизми | ||
| 700 |
_9421 _aРобертова, Боряна Любомирова _eадапт. |
||
| 700 |
_91478 _aМишева, Лидия Георгиева _eсъстав. |
||
| 852 |
_aЦб 289535 _bЦб |
||
| 856 |
_i0.00 _ldisable |
||
| 942 |
_cKNG _2udc _n0 _s1 _02 |
||
| 944 |
_aED _c2018-07-31 |
||
| 999 | _d323390 | ||